| 000 | 00525nam a22001457a 4500 | ||
|---|---|---|---|
| 082 |
_a388.4042 _bEVA _cD |
||
| 100 |
_aUS Department of transportation _913255 |
||
| 245 |
_aEvaluation of travel demand management measures to relieve congestion _cUS Department of transportation |
||
| 260 |
_aWashigton, DC _bUS Department of transportation _c1990 |
||
| 300 |
_aii, ;152 p, ; _bill,: |
||
| 526 |
_a0 _b0 _c0 _d388_404200000000000_EVA |
||
| 650 |
_aNUST _96342 |
||
| 700 |
_aUS Department of transportation _913255 |
||
| 942 |
_2ddc _cBK |
||
| 999 |
_c543398 _d543398 |
||